Lễ hội truyền thống và hiện đại

Đôi nét về lịch sử các ngày hội ở Việt Nam

Đã lưu trong:
書目詳細資料
主要作者: Thu, Linh
其他作者: Đặng, Văn Lung (Tác giả)
格式: 圖書
語言:Vietnamese
出版: H. Văn hóa 1984
主題:
標簽: 添加標簽
沒有標簽, 成為第一個標記此記錄!
Thư viện lưu trữ: Trung tâm Học liệu Lê Vũ Hùng, Trường Đại học Đồng Tháp
LEADER 00834pam a22002418a 4500
001 00029336
005 20171026081022.0
008 120621s1984 ||||||viesd
041 0 # |a vie 
082 1 4 |a 394.269 597  |b L250H 
100 1 # |a Thu, Linh 
245 1 0 |a Lễ hội truyền thống và hiện đại  |c Thu Linh. Đặng Văn Lung 
260 # # |a H.  |b Văn hóa  |c 1984 
300 # # |a 232 tr.  |b hình vẽ, bảng  |c 19cm 
520 # # |a Đôi nét về lịch sử các ngày hội ở Việt Nam 
653 # # |a Lễ hội 
653 # # |a Việt Nam 
653 # # |a Văn hóa 
700 1 # |a Đặng, Văn Lung  |e Tác giả 
852 # # |b Kho đọc  |j KD.0013665 
852 # # |j KD.0013665 
910 0 # |d 5/6/2012  |a kchi 
980 # # |a Trung tâm Học liệu Lê Vũ Hùng, Trường Đại học Đồng Tháp